00478nam a2200205Ia 450000500170000000800460001702000180006303700100008104000080009104000080009904000080010704100080011504100080012308400080013124500340013926000260017326000090019965000150020885600490022320260306150545.0008 260114s9999 xx 000 0 eng d a9780300148091 aEbook aCRL beng cCRL 2eng aeng qCRL 0aHegel's Philosophy of Freedom bYale University Press c2008 aPhilosophy uhttps://www.degruyter.com/isbn/9780300148091